| 000 | 01043nam a2200265Ia 4500 | ||
|---|---|---|---|
| 003 | PE SENCICO BE | ||
| 005 | 20251020182539.0 | ||
| 008 | 200515s9999 xx 000 0 und d | ||
| 020 | _a978-84-16500-36-9 | ||
| 040 |
_aPE SENCICO BE _cPE SENCICO BE |
||
| 041 |
_aspa _aeng |
||
| 082 |
_a720.47 _bI4 |
||
| 110 | 1 |
_9238 _aInstituto Monsa de Ediciones |
|
| 245 | 1 | 0 |
_aGood Ideas for alternative homes / _cInstituto Monsa de Ediciones |
| 250 | _a[1a ed.] | ||
| 260 |
_aBarcelona: _bMonsa, _c2016 |
||
| 300 |
_a144 p. : _bil, col., lams.; _c23 cm. |
||
| 500 | _aTexto en español e inglés. | ||
| 520 | 0 | _aApuesta por continuar por esta vía en la construcción de nuevos edificios, consta de tres partes con ejemplos ilustrativos de varios tipos de viviendas, prefabricadas, rehabilitadas y realizadas con materiales naturales. | |
| 650 | 1 | 0 |
_aArquitectura sostenible _9280 |
| 650 | 2 | 0 |
_aDiseño arquitectónico _918 |
| 700 | 1 |
_9193 _aMinguet, José María |
|
| 942 |
_cLIB _2ddc _h720.47 _iI4 |
||
| 999 |
_c2352 _d2352 |
||